| 000 | 01263nam0a22002891 4500 | ||
|---|---|---|---|
| 001 | rc\4955641 | ||
| 005 | 20130426163420.2 | ||
| 021 |
_aRU _b[63-100939] |
||
| 035 | _a(NLR Aleph) 008788151 | ||
| 090 |
_a8023968 _c8023968 |
||
| 100 | _a20130426d1963 |||y0rusy50 ca | ||
| 101 | 0 | _arus | |
| 102 | _aRU | ||
| 105 | _aa z ||||| | ||
| 200 | 1 |
_aРуководство к практическим занятиям по качественному анализу _e(Для студентов-заочников агр. и зоотехн. фак.) _fМ-во сел. хозяйства СССР. Всесоюз. с.-х. ин-т заоч. образования |
|
| 210 |
_aМосква _aБалашиха _cБ. и. _d1963 |
||
| 215 |
_a171 с., включ. обл., 1 отд. л. схем. _d20 |
||
| 300 | _aПеред загл. авт.: Я.И. Рабовик, О.М. Орешкина, Е.Г. Горбачева | ||
| 606 |
_aКачественный анализ _jПрактические работы учащихся _2psbo |
||
| 700 | 1 |
_aРабовик _bЯ. И. |
|
| 701 | 1 |
_aОрешкина _bО. М. |
|
| 701 | 1 |
_aГорбачева _bЕ. Г. |
|
| 801 | 0 |
_aRU _bNLR _gpsbo |
|
| 801 | 1 |
_aRU _bELAR _2rusmarc |
|
| 852 |
_aNLR _j64-3/489 |
||
| 942 | _cBOOK | ||
| 980 | _aNB | ||